ბათუმის შოთა რუსთაველის სახელმწიფო უნივერსიტეტის ბიბლიოთეკა

Словарь нумизмата / (ბიბ.ჩანაწერი № 36255)

000 -LEADER
fixed length control field 02209nam a2200325 i 4500
001 - CONTROL NUMBER
control field RU\SPSTU\books\229699
005 - DATE AND TIME OF LATEST TRANSACTION
control field 20200115111511.0
008 - FIXED-LENGTH DATA ELEMENTS--GENERAL INFORMATION
fixed length control field 061117s1982 ru a e 000 zyrus u
040 ## - CATALOGING SOURCE
Transcribing agency 19013582
Modifying agency 19013582
Description conventions PSBO
-- RCR
041 1# - LANGUAGE CODE
Language code of text/sound track or separate title rus
Language code of original ger
080 ## - UNIVERSAL DECIMAL CLASSIFICATION NUMBER
Universal Decimal Classification number 737(038) Ф-42
084 ## - OTHER CLASSIFICATION NUMBER
Number source rubbk
Classification number 63.221я2
100 1# - MAIN ENTRY--PERSONAL NAME
Personal name Фенглер Х.
Fuller form of name Хайнц
9 (RLIN) 6116
245 1# - TITLE STATEMENT
Title Словарь нумизмата /
Statement of responsibility, etc. Х. Фенглер, Г. Гироу, В. Унгер;[пер. с нем. М. Г. Арсеньева].
264 ## - PRODUCTION, PUBLICATION, DISTRIBUTION, MANUFACTURE, AND COPYRIGHT NOTICE
Place of production, publication, distribution, manufacture М.:
Name of producer, publisher, distributor, manufacturer Радио и связь,
Date of production, publication, distribution, manufacture, or copyright notice 1982.
300 ## - PHYSICAL DESCRIPTION
Extent 327, [1] с.:
Other physical details ил.;
Dimensions 25 см.
500 ## - GENERAL NOTE
General note Доп. тит. л. на нем. яз.
520 ## - SUMMARY, ETC.
Summary, etc. Книга подготовлена известными коллекционерами ГДР. В ней излага­ются основные сведения о монетах, медалях, бонах и бумажных денеж­ных знаках, которые заинтерисуют коллекционеров. Сообщаются сведения о чеканке монет и их обращении. Включены статьи о наиболее известных нумизматах и медальерах, содержатся биографические данные, а также пе­речень их основных трудов. Иллюстрации в тексте, изображающие монеты и медали, представляют ценность как дополнительный источник информа­ции. Для широкого круга коллекционеров.
653 ## - INDEX TERM--UNCONTROLLED
keyword ნუმიზმატიკა
653 ## - INDEX TERM--UNCONTROLLED
keyword ლექსიკონი
700 1# - ADDED ENTRY--PERSONAL NAME
Personal name Гироу Г.
Fuller form of name Герхард
9 (RLIN) 6117
700 1# - ADDED ENTRY--PERSONAL NAME
Personal name Унгер В.
Fuller form of name Вилли
9 (RLIN) 6118
700 1# - ADDED ENTRY--PERSONAL NAME
Relator code 730
Personal name Арсеньев М. Г.
9 (RLIN) 6119
942 ## - ADDED ENTRY ELEMENTS (KOHA)
Source of classification or shelving scheme
Koha item type წიგნი
ეგზემპლარები
Withdrawn status Lost status Source of classification or shelving scheme Damaged status Not for loan Permanent Location Current Location Shelving location Date acquired Full call number Barcode Date last seen Copy number Price effective from Koha item type Public note
          ბათუმის შოთა რუსთაველის სახელმწიფო უნივერსიტეტის მთავარი ბიბლიოთეკა ბათუმის შოთა რუსთაველის სახელმწიფო უნივერსიტეტის მთავარი ბიბლიოთეკა წიგნსაცავი 2018-12-17 737(038) Ф-42 4342 2018-12-17 4342 2018-12-17 წიგნი